|
|
|
|
| LEADER |
01149nam a22002537a 4500 |
| 001 |
AAL9662 |
| 003 |
BD-DhAAL |
| 005 |
20180708112037.0 |
| 008 |
180708m19832013B ||||| |||| 001 0bB d |
| 999 |
|
|
|c 39609
|d 39609
|
| 020 |
|
|
|a 9847020500452
|
| 040 |
|
|
|a BD-DhAAL
|c BD-DhAAL
|
| 082 |
|
|
|a 181.07
|
| 100 |
|
|
|a আহমদ, ওয়াকিল
|9 26737
|
| 245 |
|
|
|a উনিশ শতকে বাঙালি মুসলমানের চিন্তা ও চেতনার ধারা /
|c ওয়াকিল আহমদ
|
| 260 |
|
|
|a ঢাকা :
|b নভেল পাবলিশিং,
|c ২০১৩
|
| 300 |
|
|
|a ৬৫৫ পৃ. :
|b চিত্র ;
|c ২২ সে.মি.
|
| 504 |
|
|
|6 গ্রন্থপঞ্জী ও নির্ঘণ্ট অন্তর্ভুক্ত
|
| 541 |
|
|
|e 9662
|
| 650 |
|
|
|a Islamic philosophy
|9 26738
|
| 650 |
|
|
|a Islam
|x History
|9 26739
|
| 852 |
|
|
|a Savar Campus Library
|c General Shelf
|
| 942 |
|
|
|2 ddc
|c BK
|
| 952 |
|
|
|0 0
|1 0
|2 ddc
|4 0
|6 181_070000000000000_AHA
|7 0
|9 63627
|a SCL
|b SCL
|c GEN
|d 2018-07-08
|e Development Book Agency
|g 595.00
|l 0
|o 181.07 AHA
|p 3020009662
|r 2018-07-08
|t 1
|w 2018-07-08
|y BK
|